000 00592nam a2200193 a 4500
001 000010394
005 20240412074217.0
008 091007s1994 dr a 001 p spa d
040 _aDO-SdBNP
082 _aRD861.44
_bK88l
100 1 _aKoussa Rodríguez, Hilda
_925411
245 1 0 _aLatidos de vida /
_cHilda Koussa Rodríguez.
260 _aSanto Domingo :
_bTaller,
_c1994.
300 _a131 p. :
_bil. ;
_c21 cm.
500 _aIncluye datos biográficos de la autora en la contracubierta.
650 0 _aLiteratura dominicana.
_967
650 0 _aPoesía dominicana
_966
049 _aBNPD
999 _c10153
_d10153